• 首页
  • 本馆介绍
  • 公告通知
  • 最新文献
  • 馆藏检索
  • 电子资源
  • 读者导购
  • 参考咨询
  • 我的图书馆
  • 登录
  • 详细信息显示
  • 放入我的书架
  • 预约/预借图书
  • 作者相关作品
  • 分类相关作品
  • 丛书相关作品
  • 出版社相关作品

书目信息

  • 表格格式
  • 工作单格式
  • 卡片格式
题名:
越南封建时期华侨华人研究
    
 
作者: 向大有 著
分册:  
出版信息: 北京   中国社会科学出版社  2016
页数: 445页
开本: 24cm
丛书名: 中国华侨历史学会文库
单 册:
中图分类: D634.333.3
科图分类:
主题词: 华侨--hua qiao--研究--越南 , 华人--hua ren--研究--越南
电子资源:
ISBN: 978-7-5161-9527-7
000 01331nam0 22002771 450
001 1738597447
005 20170627164615.0
010    @a978-7-5161-9527-7@dCNY98.00
100    @a20170509d2016 em y0chiy50 ea
101 0  @achi
102    @aCN@b110000
105    @ay z 000yy
106    @ar
200 1  @a越南封建时期华侨华人研究@9yue nan feng jian shi qi hua qiao hua ren yan jiu@dA study on overseas chinese in vietnam during the feudal period@f向大有著@zeng
210    @a北京@c中国社会科学出版社@d2016
215    @a445页@d24cm
225 2  @a中国华侨历史学会文库@9zhong guo hua qiao li shi xue hui wen ku@h三十七
330    @a本书是专论历史上越南华人华侨问题的专著。核心内容,是研究论述越南独立建国后封建时期的华人华侨。一方面,纵向史实记述,按越南朝代分期记述华人华侨史实,另一方面,横向专题探索,跨越史迹时代,对重大议题进行分析研究。纵向记述,以便于减少各历史时期相关史实的遗漏,横向的研究,以利于专题论述和探索,既体现时空的阶段性,又反映相关专题事物时空的跨越性。
461  0 @12001 @a中国华侨历史学会文库
510 1  @aStudy on overseas chinese in vietnam during the feudal period@zeng
606 0  @a华侨@9hua qiao@x研究@x越南
606 0  @a华人@9hua ren@x研究@x越南
690    @aD634.333.3@v5
701  0 @a向大有@9xiang da you@4著
801  0 @aCN@bTANGWEI@c20170621
905    @b1015639-44@dD634.333.3@e295@f6
    
    越南封建时期华侨华人研究=A study on overseas chinese in vietnam during the feudal period/向大有著.-北京:中国社会科学出版社,2016
    445页;24cm.-(中国华侨历史学会文库.三十七)
    
    
    ISBN 978-7-5161-9527-7:CNY98.00
    本书是专论历史上越南华人华侨问题的专著。核心内容,是研究论述越南独立建国后封建时期的华人华侨。一方面,纵向史实记述,按越南朝代分期记述华人华侨史实,另一方面,横向专题探索,跨越史迹时代,对重大议题进行分析研究。纵向记述,以便于减少各历史时期相关史实的遗漏,横向的研究,以利于专题论述和探索,既体现时空的阶段性,又反映相关专题事物时空的跨越性。
●
相关链接 在E读中查询图书 在五车中查询图书 在当当中查询图书 在豆瓣中查询图书


正题名:越南封建时期华侨华人研究     索取号:D634.333.3/295         预约/预借

序号 登录号 条形码 馆藏地/架位号 状态 备注
1 1015639   210156392   第一样本阅览室/ [索取号:D634.333.3/295] 在馆    
2 1015640   210156409   教育系资料室/ [索取号:D634.333.3/295] 在馆    
3 1015641   210156418   教育系资料室/ [索取号:D634.333.3/295] 在馆    
4 1015642   210156427   教育系资料室/ [索取号:D634.333.3/295] 在馆    
5 1015643   210156436   第一借阅区/ [索取号:D634.333.3/295] 在馆    
6 1015644   210156445   第一借阅区/ [索取号:D634.333.3/295] 在馆    
唐山师范学院图书馆 欢迎您!
大连网信软件有限公司© 版权所有